Syria - Statistics

General Stats
  • This quiz has been taken 328 times
  • The average score is 3 of 8
Answer Stats
Hint Answer % Correct
What is the main spoken language? Arabic
97%
What is the capital city? Damascus
95%
Who is the President? Bashar
63%
What symbol is on the flag? stars
47%
What are the colours of the flag? red black white
16%
Name 2 countries that border? Lebanon Jordan
9%
What is a popular dish? Tabouleh
5%
What is the second largest ethnical minority? Kurds/Kurdish
2%
No matching quizzes found
Score Distribution
Percent of People with Each Score
Percentile by Number Answered
Your Score History
You have not taken this quiz